<?xml version="1.0" encoding="UTF-8"?>
<record
    xmlns:xsi="http://www.w3.org/2001/XMLSchema-instance"
    xsi:schemaLocation="http://www.loc.gov/MARC21/slim http://www.loc.gov/standards/marcxml/schema/MARC21slim.xsd"
    xmlns="http://www.loc.gov/MARC21/slim">

  <leader>01711cam a2200325u  4500</leader>
  <controlfield tag="003">BD-RjUL</controlfield>
  <controlfield tag="005">20240115110648.0</controlfield>
  <controlfield tag="008">240113s1899    ne            000 0cara  </controlfield>
  <datafield tag="035" ind1=" " ind2=" ">
    <subfield code="a">(BD-RjUL)</subfield>
  </datafield>
  <datafield tag="040" ind1=" " ind2=" ">
    <subfield code="a">NNL</subfield>
    <subfield code="c">CarP</subfield>
    <subfield code="d">DLC</subfield>
    <subfield code="b">eng</subfield>
  </datafield>
  <datafield tag="041" ind1=" " ind2=" ">
    <subfield code="a">ger</subfield>
  </datafield>
  <datafield tag="082" ind1=" " ind2=" ">
    <subfield code="2">23</subfield>
    <subfield code="a">297.0962</subfield>
    <subfield code="b">IBK 1899</subfield>
  </datafield>
  <datafield tag="100" ind1="1" ind2=" ">
    <subfield code="a">Ibn Sa&#x2BB;&#x12B;d, &#x2BB;Al&#x12B; ibn M&#x16B;s&#xE1;,</subfield>
    <subfield code="d">1213-1286</subfield>
    <subfield code="9">10822</subfield>
  </datafield>
  <datafield tag="245" ind1="1" ind2="0">
    <subfield code="a">Kit&#xE2;b al-mu&#x121;rib f&#xEE; &#x1E25;ul&#xE2; al-Ma&#x121;rib :</subfield>
    <subfield code="b">Buch IV: Geschichte der I&#x1E25;s&#xEE;den und fus&#x1E6D;&#xE2;&#x1E6D;ensische Biographien.</subfield>
  </datafield>
  <datafield tag="246" ind1="1" ind2=" ">
    <subfield code="a">&#x627;&#x644;&#x633;&#x641;&#x631; &#x627;&#x644;&#x631;&#x627;&#x628;&#x639; &#x645;&#x646; &#x643;&#x62A;&#x627;&#x628; &#x627;&#x644;&#x645;&#x63A;&#x631;&#x628; &#x641;&#x649; &#x62D;&#x644;&#x649; &#x627;&#x644;&#x645;&#x63A;&#x631;&#x628; /</subfield>
    <subfield code="g">&#x639;&#x646;&#x649; &#x628;&#x637;&#x628;&#x639;&#x647; &#x644;&#x627;&#x648;&#x644; &#x645;&#x631;&#x629; &#x645;&#x646; &#x646;&#x633;&#x62E;&#x629; &#x627;&#x644;&#x643;&#x62A;&#x628;&#x62E;&#x627;&#x646;&#x629; &#x627;&#x644;&#x62E;&#x62F;&#x64A;&#x648;&#x64A;&#x629; &#x627;&#x644;&#x648;&#x62D;&#x64A;&#x62F;&#x629; &#x627;&#x644;&#x634;&#x64A;&#x62E;... &#x643;&#x646;&#x648;&#x62A; &#x62A;&#x644;&#x643;&#x648;&#x633;&#x62A;.</subfield>
  </datafield>
  <datafield tag="246" ind1="3" ind2="3">
    <subfield code="a">&#x633;&#x641;&#x631; &#x627;&#x644;&#x631;&#x627;&#x628;&#x639; &#x645;&#x646; &#x643;&#x62A;&#x627;&#x628; &#x627;&#x644;&#x645;&#x63A;&#x631;&#x628; &#x641;&#x649; &#x62D;&#x644;&#x649; &#x627;&#x644;&#x645;&#x63A;&#x631;&#x628; /</subfield>
    <subfield code="g">&#x639;&#x646;&#x649; &#x628;&#x637;&#x628;&#x639;&#x647; &#x644;&#x627;&#x648;&#x644; &#x645;&#x631;&#x629; &#x645;&#x646; &#x646;&#x633;&#x62E;&#x629; &#x627;&#x644;&#x643;&#x62A;&#x628;&#x62E;&#x627;&#x646;&#x629; &#x627;&#x644;&#x62E;&#x62F;&#x64A;&#x648;&#x64A;&#x629; &#x627;&#x644;&#x648;&#x62D;&#x64A;&#x62F;&#x629; &#x627;&#x644;&#x634;&#x64A;&#x62E;... &#x643;&#x646;&#x648;&#x62A; &#x62A;&#x644;&#x643;&#x648;&#x633;&#x62A;.</subfield>
  </datafield>
  <datafield tag="246" ind1="3" ind2="3">
    <subfield code="a">&#x643;&#x62A;&#x627;&#x628; &#x627;&#x644;&#x645;&#x63A;&#x631;&#x628; &#x641;&#x649; &#x62D;&#x644;&#x649; &#x627;&#x644;&#x645;&#x63A;&#x631;&#x628;</subfield>
  </datafield>
  <datafield tag="246" ind1="3" ind2="3">
    <subfield code="a">&#x645;&#x63A;&#x631;&#x628; &#x641;&#x649; &#x62D;&#x644;&#x649; &#x627;&#x644;&#x645;&#x63A;&#x631;&#x628;</subfield>
  </datafield>
  <datafield tag="260" ind1=" " ind2=" ">
    <subfield code="a">Leiden :</subfield>
    <subfield code="b">Buchhandlung und Druckerei vormals E. J. Brill,</subfield>
    <subfield code="c">1898.</subfield>
  </datafield>
  <datafield tag="300" ind1=" " ind2=" ">
    <subfield code="a">2 pts. in 1 v ;</subfield>
    <subfield code="c">31 cm.</subfield>
  </datafield>
  <datafield tag="505" ind1="8" ind2=" ">
    <subfield code="a">I. Deutsche Bearbeitung nebst einem Auszug aus al-Kindis Ta'rih mi&#xE7;r / von Knut L. Tallqvist.</subfield>
  </datafield>
  <datafield tag="505" ind1="8" ind2=" ">
    <subfield code="a">II. Arabischer Text mit Anmerkungen und Registern / herausgegeben von Knut L. Tallqvist.</subfield>
  </datafield>
  <datafield tag="650" ind1=" " ind2="4">
    <subfield code="a">Muslims</subfield>
    <subfield code="z">Egypt</subfield>
    <subfield code="9">10823</subfield>
  </datafield>
  <datafield tag="651" ind1=" " ind2="4">
    <subfield code="a">Egypt</subfield>
    <subfield code="v">Biography</subfield>
    <subfield code="9">1892</subfield>
  </datafield>
  <datafield tag="700" ind1="1" ind2=" ">
    <subfield code="a">Kind&#x12B;, Mu&#x1E25;ammad ibn Y&#x16B;suf,</subfield>
    <subfield code="d">897-961</subfield>
    <subfield code="9">10824</subfield>
  </datafield>
  <datafield tag="700" ind1="1" ind2=" ">
    <subfield code="a">Tallqvist, Knut Leonard,</subfield>
    <subfield code="d">1865-1949</subfield>
    <subfield code="9">10825</subfield>
  </datafield>
  <datafield tag="710" ind1="2" ind2=" ">
    <subfield code="a">D&#x101;r al-Kutub al-Mi&#x1E63;r&#x12B;yah</subfield>
    <subfield code="9">10826</subfield>
  </datafield>
  <datafield tag="942" ind1=" " ind2=" ">
    <subfield code="2">ddc</subfield>
    <subfield code="c">BK</subfield>
  </datafield>
  <datafield tag="999" ind1=" " ind2=" ">
    <subfield code="c">82609</subfield>
    <subfield code="d">82609</subfield>
  </datafield>
  <datafield tag="952" ind1=" " ind2=" ">
    <subfield code="0">0</subfield>
    <subfield code="1">0</subfield>
    <subfield code="2">ddc</subfield>
    <subfield code="4">0</subfield>
    <subfield code="7">1</subfield>
    <subfield code="8">NFIC</subfield>
    <subfield code="a">RUCL</subfield>
    <subfield code="b">RUCL</subfield>
    <subfield code="c">Reading</subfield>
    <subfield code="d">2024-01-15</subfield>
    <subfield code="o">A 297.0962 IBK V-1 pt 4 1899</subfield>
    <subfield code="r">2024-01-15 00:00:00</subfield>
    <subfield code="t">C-1</subfield>
    <subfield code="y">BK</subfield>
  </datafield>
</record>
